| 000 | 00481 a2200157 4500 | ||
|---|---|---|---|
| 020 | _a0021847231 | ||
| 040 |
_aDLC _bDLC |
||
| 082 | _a808.0427 | ||
| 245 |
_aMcgraw-hill Reading _cJames Flood, .... [et, al]. |
||
| 260 |
_aNew York : _bMcgraw-hill School Division, _c2001. |
||
| 300 |
_a409 p. : _bill. ; _c27 cm. |
||
| 500 | _aIncludes Index. | ||
| 650 | _aLiterature--Collection. | ||
| 700 | _a1.Flood, James.2.Hasbrouck, Jan E.3.HGoffman, James V. | ||
| 942 |
_cBK _k808.0427 FLO _2ddc |
||
| 999 |
_c5023 _d5023 |
||